Kỹ thuật mới nuôi ong mật

Vài nét về nghề nuôi ong mật. Phân loại và cấu tạo cơ thể ong. Đặc điểm sinh học của ong mật. Các dụng cụ cần thiết để nuôi ong. Kỹ thuật chọn giống, chăn nuôi và khai thác sản phẩm ong mật. Sâu bệnh và biện pháp phòng trị...

Descrizione completa

Salvato in:
Dettagli Bibliografici
Autore principale: Bùi, Quý Huy
Natura: Libro
Lingua:Undetermined
Pubblicazione: Hà Nội Nông nghiệp 2009
Soggetti:
Tags: Aggiungi Tag
Nessun Tag, puoi essere il primo ad aggiungerne! !
Thư viện lưu trữ: Trung tâm Học liệu Trường Đại học Cần Thơ
LEADER 00888nam a2200205Ia 4500
001 CTU_147905
008 210402s9999 xx 000 0 und d
020 |c 27200 
082 |a 638.1 
082 |b H523 
100 |a Bùi, Quý Huy 
245 0 |a Kỹ thuật mới nuôi ong mật 
245 0 |c Bùi Quý Huy 
260 |a Hà Nội 
260 |b Nông nghiệp 
260 |c 2009 
520 |a Vài nét về nghề nuôi ong mật. Phân loại và cấu tạo cơ thể ong. Đặc điểm sinh học của ong mật. Các dụng cụ cần thiết để nuôi ong. Kỹ thuật chọn giống, chăn nuôi và khai thác sản phẩm ong mật. Sâu bệnh và biện pháp phòng trị 
650 |a Bee culture,Nuôi ong 
904 |i Trọng Hải 
980 |a Trung tâm Học liệu Trường Đại học Cần Thơ